000 00616nam a2200181Ia 4500
008 151018s9999 xx 000 0 und d
082 _bRBASDV12485
_a891.463
100 _aश्री म माटे
245 _aमाणुसकीचा गहिवर
250 _b7
260 _bकॉन्टिनेन्टल प्रका. पुणे
_c1978
300 _a149
600 _aश्री म माटे
630 _aमाणुसकीचा गहिवर
700 _aश्री म माटे
730 _aमाणुसकीचा गहिवर
942 _cBOOK
999 _c1014732
_d1014729